Journal of policy history : JPH.

Bibliographic Details
Uniform Title:Journal of policy history (Online)
Corporate Author: Project Muse
Format: Journal
Language:English
Published: University Park, PA : Pennsylvania State University Press.
Subjects:
Online Availability: Check for online availability

MARC

Tag First Indicator Second Indicator Subfields
LEADER 00000cas a2200000 a 4500
001 in00001680098
005 20151024123437.0
006 m f d
007 cr mn
008 990924c20009999pauqr1p s 0 a0eng d
010 |a  00211248  
022 0 |a 1528-4190 
035 |a (OCoLC)ocm42429567 
040 |a JHE  |c JHE  |d NSD  |d GUA  |d UtOrBLW 
042 |a nsdp  |a lcd 
049 |a TXAM 
050 1 4 |a H96  |b .J66 Electronic 
082 1 0 |a 320  |2 13 
130 0 |a Journal of policy history (Online) 
210 0 |a J. policy hist.  |b (Online) 
222 0 |a Journal of policy history  |b (Online) 
245 1 0 |a Journal of policy history :  |b JPH. 
246 1 0 |a JPH 
264 1 |a University Park, PA :  |b Pennsylvania State University Press. 
310 |a Quarterly 
336 |a text  |b txt  |2 rdacontent 
337 |a computer  |b c  |2 rdamedia 
338 |a online resource  |b cr  |2 rdacarrier 
362 1 |a Coverage as of Sept. 26, 2000: Vol. 12, no. 1 (2000)- 
500 |a Description based on: Volume 11, number 3 (1999); title from journal home page (viewed Sept. 25, 1999). 
515 |a Preceded by a demo issue for Vol. 11, no. 3 (1999). 
516 |a Text (electronic journal) 
530 |a Available also in a print edition. 
538 |a Mode of access: World Wide Web. 
550 |a Digitized and made available by Project Muse. 
500 |a Electronic resource. 
650 0 |a Policy sciences  |v Periodicals. 
650 0 |a Political planning  |z United States  |x History  |v Periodicals. 
651 0 |a United States  |x Economic policy  |v Periodicals. 
651 0 |a United States  |x Social policy  |v Periodicals. 
710 2 |a Project Muse. 
776 1 |t Journal of policy history  |w (OCoLC)17693262  |x 0898-0306 
936 |a Vol. 12, no. 3 (2000) LIC 
948 |a MFHD URL added  |b h  |c 2002/5/14  |d c  |e bsurratt  |f 3:55:19 pm 
949 |a batch update-edit 856  |c 2002/04/13  |e ahighsmi 
949 |a correct ind 2 in 856  |c 2002/04/17  |e ahighsmi 
994 |a 92  |b TXA 
999 |a MARS 
999 f f |s d7d7688d-e323-3c43-a699-99a0c8db47b6  |i 69f4e29f-9eb0-3369-813b-e4d33313588b  |t 0 
952 f f |a Texas A&M University  |b College Station  |c Electronic Resources  |d Available Online  |t 0  |e H96 .J66  |g Electronic  |h Library of Congress classification 
998 f f |a H96 .J66  |t 0  |l Available Online